000 00731nam a2200241 a 4500
008
020 _a0920063497 (pbk.)
049 _aMAIN
090 _aQD262
_bMcD
100 1 _aMcDonald, Richard Norman.
245 1 0 _aDeductive organic chemistry :
_ba short course /
_cRichard N. McDonald.
250 _a2nd ed.
260 _aWinnipeg :
_bWuerz Pub.,
_cc1993.
300 _axviii, 472 p. :
_bill. ;
_c23 cm.
500 _aIncludes index.
500 _aFirst ed. (1966) by Kenneth Conrow and Richard N. McDonald.
650 0 _aChemistry, Organic.
907 _a.b10118287
_b20-04-12
_c15-04-04
003
005 20230123133658.0
040 _cNUST
942 _cBOOKS
_kQD262
_mMcD
999 _c152752
_d152752